| 000 | 00631na a2200205 4500 | ||
|---|---|---|---|
| 001 | 24065 | ||
| 003 | MIRAKIL | ||
| 005 | 20181213155329.0 | ||
| 008 | 180307b tu 000 0 | ||
| 040 |
_aMilas _btur _cTR-AnCHP |
||
| 041 | _atur | ||
| 082 |
_a327.567055 _bT96 1984 |
||
| 090 | _a327.567055 T96 1984 | ||
| 245 | _aTürk basınında İran-Irak savaşı | ||
| 260 |
_aAnkara _bİran İslam Cumhuriyeti Ankara büyükelçiliği _c1984 _fKadıoğlu matbaası |
||
| 300 |
_a207 s. _bfotğ. _c24 sm. |
||
| 650 |
_aİran-Irak savaşı _xTarih _y1980-1988 |
||
| 650 |
_aTürk basını _xİran-Irak savaşı |
||
| 942 |
_2ddc _cBKS |
||
| 999 |
_c10626 _d10626 |
||